1725 1286 1009 1178 1325 1411 1005 1700 1287 1874 1746 1768 1948 1727 1094 1554 1259 1111 1977 1128 1777 1020 1901 1279 1211 1904 1182 1563 1970 1589 1303 1884 1984 1830 1283 1261 1498 1842 1001 1588 1274 1169 1162 1587 1022 1197 1318 1888 1075 1262 1677 1418 1805 1574 1382 1018 1654 1112 1920 1950 1875 1268 1226 1496 1873 1660 1281 1725 1339 1892 1461 1377 1097 1933 1189 1961 1027 1257 1383 1556 1511 1806 1295 1878 1829 1356 1679 1406 1222 1795 1219 1476 1983 1502 1486 1622 1275 1790 1958 BCNSPRNW ULIB Ver.6.0+V

เปลี่ยนเป็นภาษาไทย

Change to English
 แสดงรายละเอียดบรรณานุกรม
  กลับหน้าหลัก

Brief Record : Get Marc (ISO 2709) : E-mail record : QR code < ปิดหน้าต่าง
LEADER : 00000nam 2200000uu 4500
001    13399114685
003     ULIB
008    120430s2551||||th 000 0 tha d
099    ^aวจ.WX203^bส782ค
100 0  ^aสุภาเพ็ญ ปานะวัฒนพิสุทธิ์
245 00 ^aความพึงพอใจในงานและการปฏิบัติงานของบุคลากรวิทยาลัยพยาบาลบรมราชชนนี สวรรค์ประชารักษ์ นครสวรรค์ /^cสุภาเพ็ญ ปานะวัฒนพิสุทธิ์ สกุลรัตน์ ศิริกุล และสิริกานต์ แรงกสิกร
260    ^aครสวรรค์ :^bวิทยาลัยพยาบาลบรมราชชนนี สวรรค์ประชารักษ์ นครสวรรค์ ,^c2551
300    ^a46 หน้า:^bตาราง,^c29 ซม.
650  7 ^aความพึงพอใจ--วิจัย
650  7 ^aวิทยาลัยพยาบาลบรมราชชนนี สวรรค์ประชารักษ์ นครสวรรค์ -การปฏิบัติงาน^xวิจัย
700    ^a สกุลรัตน์ ศิริกุล
700    ^a สิริกานต์ แรงกสิกร
945    ^p0^l0^i031705
995    ^aเกษร
999    ^aใช้งานได้ทุกระบบ
รายการนี้ยังไม่มีแท็ก
คุณยังไม่ได้ล็อกอิน คุณสามารถมีกิจกรรมร่วมกับเว็บไซต์ได้ แต่ต้องล็อกอินก่อน ::
  ล็อกอิน

รายการสื่อสารสนเทศ

ลำดับที่ ประเภท เลขเรียก/บาร์โค้ด สถานที่ สถานะ
1. วิทยาศาสตร์การแพทย์ และสุขภาพ
วิทยาศาสตร์การแพทย์ และสุขภาพ
วจ.WX203 ส782ค  
  Barcode: 031705
ห้องสมุดวิทยาเขตสวรรค์ประชารักษ์
►วิจัย
บนชั้น

รายการใกล้เคียง
    ผู้แต่ง [สุภาเพ็ญ ปานะวัฒนพิสุทธิ์]

BibComment


ยังไม่เคยถูกคอมเมนท์

คอมเมนท์ทรัพยากรรายการนี้
  คอมเมนท์: ความพึงพอใจในงาน..


 Copyright 2026. Bcnsprnw @Library